The secret soldier : (Record no. 4196)

MARC details
000 -LEADER
fixed length control field 01323pam a2200373 i 4500
001 - CONTROL NUMBER
control field 4196
003 - CONTROL NUMBER IDENTIFIER
control field FISKH
005 - DATE AND TIME OF LATEST TRANSACTION
control field 20240626153953.0
008 - FIXED-LENGTH DATA ELEMENTS--GENERAL INFORMATION
fixed length control field 750630s1975 nyua j 000 0beng
010 ## - LIBRARY OF CONGRESS CONTROL NUMBER
LC control number 75015819
020 ## - INTERNATIONAL STANDARD BOOK NUMBER
International Standard Book Number 0590074326 :
020 ## - INTERNATIONAL STANDARD BOOK NUMBER
International Standard Book Number 9780590430524
040 ## - CATALOGING SOURCE
Original cataloging agency DLC
Transcribing agency DLC
Modifying agency DLC
Language of cataloging eng
042 ## - AUTHENTICATION CODE
Authentication code lcac
050 ## - LIBRARY OF CONGRESS CALL NUMBER
Classification number E275.G2
082 ## - DEWEY DECIMAL CLASSIFICATION NUMBER
Classification number 973.330924
100 1# - MAIN ENTRY--PERSONAL NAME
Personal name McGovern, Ann.
245 14 - TITLE STATEMENT
Title The secret soldier :
Remainder of title the story of Deborah Sampson /
Statement of responsibility, etc. by Ann McGovern ; illustrated by Harold Goodwin ; Cover illustration by Katherine Thompson
260 ## - PUBLICATION, DISTRIBUTION, ETC.
Place of publication, distribution, etc. New York :
Name of publisher, distributor, etc. Scholastic,
Date of publication, distribution, etc. 1975.
300 ## - PHYSICAL DESCRIPTION
Extent 64 pages :
Other physical details color illustrations ;
Dimensions 20 cm
505 ## - FORMATTED CONTENTS NOTE
Formatted contents note N<br/>
520 ## - SUMMARY, ETC.
Summary, etc. A brief biography of the woman who disguised herself as a man and joined the Continental Army during the Revolutionary War.
521 8# - TARGET AUDIENCE NOTE
Target audience note 590<br/>
Source Lexile<br/>
521 8# - TARGET AUDIENCE NOTE
Target audience note N<br/>
Source Raz-Plus<br/>
600 10 - SUBJECT ADDED ENTRY--PERSONAL NAME
Personal name Gannett, Deborah Sampson,
Dates associated with a name 1760-1827
General subdivision Juvenile literature.
600 11 - SUBJECT ADDED ENTRY--PERSONAL NAME
Personal name Gannett, Deborah Sampson,
Dates associated with a name 1760-1827.
650 #1 - SUBJECT ADDED ENTRY--TOPICAL TERM
Topical term or geographic name entry element Soldiers.
651 #1 - SUBJECT ADDED ENTRY--GEOGRAPHIC NAME
Geographic name United States
General subdivision History
Chronological subdivision Revolution, 1775-1783.
700 ## - ADDED ENTRY--PERSONAL NAME
Personal name Goodwin, Harold
Relator term Illustrator
700 ## - ADDED ENTRY--PERSONAL NAME
Personal name Thompson, Katherine
Relator term Cover Illustrator
906 ## - LOCAL DATA ELEMENT F, LDF (RLIN)
a 7
b cbc
c orignew
d 1
e ocip
f 19
g y-gencatlg
942 ## - ADDED ENTRY ELEMENTS (KOHA)
Source of classification or shelving scheme Dewey Decimal Classification
Koha item type Books
Suppress in OPAC No
Holdings
Withdrawn status Lost status Source of classification or shelving scheme Damaged status Not for loan Collection Home library Current library Shelving location Date acquired Total Checkouts Full call number Barcode Date last seen Date last checked out Price effective from Koha item type
    Dewey Decimal Classification     Non-Fiction Footprints International School Library Network Toul Kork Campus Footprints International School Library Network Toul Kork Campus TK Primary Library Room(4th Floor), Bookcase 3&4, Shelves 17-32, Yellow Books 06/26/2024 1 MCG 973.330924 E275.G2 2024-0884 06/09/2025 12/03/2024 06/26/2024 Books